02052nam a2200337 i 4500003000900000005001700009007000300026008004100029020001800070040003000088041000800118082001800126100005300144245007700197264004900274300002700323336002700350337003300377338002800410500005800438500048200496590002700978910001401005942001401019952013101033952013601164952013601300952013101436952013001567999001701697DO-SdBNP20250604135546.0ta250527b2025 dr ||||| |||| 00| 0 spa d a9789945656152 aDO-SdBNPbspacBNPHUerda aspa 4axxxbC9572221 aCruz, Santiago de la,d1961-eautor4aut.97511210aPensando en la voz alta :baforismos y algo más /cSantiago de la Cruz 1aSanto Domingo :bEditorial Santuario,c2025. a66 páginas ;c24 cm. atextobtxt2rdacontent asin mediaciónbn2rdamedia avolumenbnc2rdacarrier aIncluye datos biografícos del autor en las solapas. aSegún la Real Academia de la Lengua Española, el aforismo es una sentencia que pretende expresar una idea de manera concisa, coherente y en apariencia definitiva. Es el género literario más breve y conciso. La esencia de los aforismos es de carácter meramente filosófico. Es por esa razón que los aforistas más agudos de la antigua Grecia, eran los filósofos, quienes trataban de expresar su sentido convencional, a través de este valioso recurso literario. aInventariado, 2025/ YL aYLockward 2ddccLBS1 00102ddc51708PDaBNPHUbBNPHUcCTd2025-04-01eDepósito Legall0oBNPHU PD C957p2025-3641r2025-04-25w2025-04-25yLBS1 00102ddc51708PDaBNPHUbBNPHUcCTd2025-04-01eDepósito Legall0oBNPHU PD C957p2025-3642r2025-04-25te.2w2025-04-25yLF2 00102ddc56708DSaBNPHUbBNPHUcCTd2025-04-01eDepósito Legall0oBNPHU DS C957p2025-3643r2025-04-25te.3w2025-04-25yLBS1 00102ddc56708DSaBNPHUbBNPHUcCTd2025-04-10eDonaciónl0oBNPHU DS C957p2025-4211r2025-05-13te. 4w2025-05-13yLBS1 00102ddc56708DSaBNPHUbBNPHUcCTd2025-04-10eDonaciónl0oBNPHU DS C957p2025-4212r2025-05-13te.5w2025-05-13yLBS1 c58804d58804